| 000 | 00413nam a22001337a 4500 | ||
|---|---|---|---|
| 082 |
_a625.85 _bSTA. _cD. |
||
| 100 |
_aHighway Research Board. _920160 |
||
| 245 |
_aState of the Art: Compaction of Asphalt Pavements. _cHighway Research Board. |
||
| 260 |
_aWashington. _bHighway Research Board. _c1972. |
||
| 300 | _av, 24 p.: | ||
| 526 |
_a0 _b0 _c0 _d625_850000000000000_STA |
||
| 650 |
_aMCE _9379 |
||
| 942 |
_2ddc _cBK |
||
| 999 |
_c547762 _d547762 |
||